000 00615nam a2200229Ia 4500
003 OSt
005 20220918174905.0
006 a|||||r|||| 00| 0
007 ta
008 220917b |||||||| |||| 00| 0 eng d
024 _a14,543
037 _cTextual
040 _aARTS
_cARTS
_beng
041 _2eng
_aeng
082 _aNQ45, bK6 (E(R))
100 _aMajid Roshangar ed
_952105
245 0 _aContemporary Persian painting
260 _aTehran
_bMorvarid Pub House
_c1966
650 _aARTS
942 _hNQ45, bK6 (E(R))
_cTEXL
_2CC
999 _c155091
_d155091